000 01322nam a22003497a 4500
003 CHAP
005 20220329143446.0
008 091028s2009 mx r 00010 spa d
010 _a96968
011 _a97940
035 _a108614
040 _cCHAP
090 _aTesis
100 1 _aRuiz Machuca, Marina
_9100724
245 1 0 _aIdentificación y distribución de la chinche roja Hesperolabops nigriceps Reuter (Heteroptera: Miridae) sobre Opuntia sp.en la zona del Estado de México
_c/por Marina Ruiz Machuca
260 _aChapingo, Méx. :
_bEl autor,
_c2009
300 _av, 34 h. :
_bcuadros, ilus.
502 _aTesis (Ing. Agr. Esp. en Parasitología Agrícola) -- UACH. Departamento de Parasitología Agrícola
590 _aALEPH
_b10
_c20130110
_lUCH01
_h1530
590 _aBATCH-UPD
_b10
_c20130110
_lUCH01
_h1439
590 _aBATCH-UPD
_b10
_c20130410
_lUCH01
_h0911
590 _aBATCH-UPD
_b10
_c20130914
_lUCH01
_h0926
590 _aCONVERSION
_b10
_c20130109
_lUCH01
_h1354
650 1 4 _aChinches.
_922579
650 1 4 _aHeterópteros.
_955066
650 1 4 _aInsectos.
_958888
650 1 4 _aOpuntia.
_983387
901 _aBK
942 _cFOLL
949 _aTesis
_bBC
_cTES
_d33724002112132
_eTS1
_gDonaciØn
_h49661
_i108614
_sb
949 _aTesis
_bBC
_cTES
_d33724002112173
_eTS2
_fc.2
_gDonaciØn
_h49662
_i108614
_sb
999 _c96968
_d96968